C'est un pays - Mort subite - Statistiques

Statistiques générales
  • Ce quiz a été pris 381 fois
    379 depuis la dernière actualisation
  • Le résultat moyen est 13 sur 18
Answers on the Grid
Answers color-coded by a green-red scale on the quiz's grid according to % correct below.
Samoa
Îles Marshall
Bhoutan
Liechtenstein
Monaco
Guyana
Malte
Bahamas
Singapour
Maldives
Porto Rico
Groenland
Cap Vert
Nouvelle-Calédonie
Polynésie
Dubaï
Hong Kong
La Réunion
Tadjikistan
Tanzanistan
Seychelles
Liberia
Eswatini
Costa Rica
Dominique
Kirghizistan
Bornéo
Îles Baléares
 
Statistiques - réponses
Réponse % Correct
Costa Rica
79%
Malte
79%
Monaco
77%
Tadjikistan
76%
Cap Vert
75%
Liechtenstein
75%
Seychelles
75%
Liberia
74%
Bhoutan
73%
Eswatini
73%
Kirghizistan
73%
Singapour
72%
Guyana
71%
Bahamas
70%
Îles Marshall
68%
Samoa
68%
Dominique
65%
Maldives
65%
Aucun quiz correspondant
Distribution des résultats
% des personnes avec chaque résultat
Percentile par nombre de réponses
Votre historique - résultats
Vous n’avez pas pris ce quiz depuis la dernière actualisation